Estatutos de la Cruz Roja española redactados con arreglo a las bases sancionadas en el R.D. de 26 de agosto de 1889 y aprobados por R.O. de 12 julio 1900. (Record no. 61287)

MARC details
000 -LEADER
campo de control de longitud fija 00578nam a2200169 i 4500
001 - NÚMERO DE CONTROL
campo de control 61287
003 - IDENTIFICADOR DE NÚMERO DE CONTROL
campo de control ES-MaACL
005 - FECHA Y HORA DE LA ÚLTIMA TRANSACCIÓN
campo de control 20230906164424.0
007 - CAMPO FIJO DE DESCRIPCIÓN FÍSICA--INFORMACIÓN GENERAL
campo de control de longitud fija t|
008 - DATOS DE LONGITUD FIJA--INFORMACIÓN GENERAL
campo de control de longitud fija 031111s1907 sp ||||1| spa d
110 2# - ENTRADA PRINCIPAL--NOMBRE DE ENTIDAD CORPORATIVA
Nombre de entidad corporativa o nombre de jurisdicción como elemento de entrada Cruz Roja Española.
9 (RLIN) 3322
245 10 - MENCIÓN DEL TÍTULO
Título Estatutos de la Cruz Roja española redactados con arreglo a las bases sancionadas en el R.D. de 26 de agosto de 1889 y aprobados por R.O. de 12 julio 1900.
260 ## - PUBLICACIÓN, DISTRIBUCIÓN, ETC.
Lugar de publicación, distribución, etc. Madrid :
Nombre del editor, distribuidor, etc. E. Catalá,
Fecha de publicación, distribución, etc. 1907.
300 ## - DESCRIPCIÓN FÍSICA
Extensión 260 p. ;
Dimensiones 16 cm.
610 24 - PUNTO DE ACCESO ADICIONAL DE MATERIA--NOMBRE DE ENTIDAD CORPORATIVA
Nombre de entidad corporativa o nombre de jurisdicción como elemento de entrada Cruz Roja Española-
Subdivisión de forma Estatutos.
9 (RLIN) 163824
852 ## - LOCALIZACIÓN
Ubicación ES-MaACL
Número de control de estantería D-2198
Holdings
Estatus retirado Estado de pérdida Estado de daño No para préstamo Biblioteca de origen Biblioteca actual Ubicación en estantería Fecha de adquisición Fuente de adquisición Total de préstamos Signatura topográfica completa Código de barras Visto por última vez Precio de reemplazo Tipo de ítem Koha
        Biblioteca del Ateneo de Madrid Biblioteca del Ateneo de Madrid Sala Valle Inclán 17/01/2008     D-2198 901064268 23/02/2023 23/02/2023 Libro impreso